Nihat Kahveci’nin Gol Attığı Ülkeler - Statistics

General Stats
  • This quiz has been taken 3 times
  • The average score is 5 of 14
Answer Stats
Ülke Gol Sonuncu % Correct
Çekya 3 2010
100%
Gürcistan 1 2002
67%
Moldova 2 2003
67%
Avustralya 1 2004
33%
Bosna-Hersek 1 2007
33%
Danimarka 1 2004
33%
Gana 1 2006
33%
Kazakistan 2 2010
33%
Kuzey Makedonya 2 2003
33%
Norveç 1 2007
33%
Slovakya 1 2003
33%
Uruguay 1 2008
33%
Angola 1 2006
0%
Malta 1 2006
0%
No matching quizzes found
Score Distribution
Percent of People with Each Score
Percentile by Number Answered
Your Score History
You have not taken this quiz